Entidades de población: Santiago

Saved in:
Bibliografiske detaljer
Institution som forfatter: Dirección de Estadística y Censos (Author)
Format: Bog
Sprog:spansk
Udgivet: s.l s.n 1960
Fag:
Tags: Tilføj Tag
Ingen Tags, Vær først til at tagge denne postø!

MARC

LEADER 00000nam a2200000 a 4500
001 UCO4266
003 CL-VaPUC
008 000728e19600000cl |||||||||||||||||spa|d
082 0 4 |a 310.983  |b DIR  |2 21 
110 2 |a Dirección de Estadística y Censos  |e author  |9 448618 
245 1 0 |a Entidades de población: Santiago 
300 |a 104 p 
942 |c BK 
945 |d 20000728 00:00:00  |a crobeson 
260 |a s.l  |b s.n  |c 1960 
650 7 |a CENSO 1960  |2 CL-VaPUC  |9 448619 
650 0 |a Población  |9 257577 
650 0 |a Vivienda  |9 258662 
650 0 |a Estadísticas  |9 258644 
650 0 |a Demografía   |9 260008 
651 7 |a CHILE  |2 CL-VaPUC  |9 448620 
651 0 |a Santiago  |9 265444 
583 |a last modification  |c 20170808 05:28:33  |k Rodrigo Vera 
999 |c 290331  |d 290329 
952 |0 0  |1 0  |4 0  |6 310_983000000000000_DIR_1960  |7 0  |8 X  |9 339669  |a BIBHIS  |b BIBHIS  |d 2019-11-20  |i 1212613  |o 310.983 DIR 1960  |p 1212613  |r 2024-01-30  |w 2019-11-20  |y BK_X  |k HIS